000 00318nam a2200145Ia 4500
999 _c234183
_d234183
003 Nust
005 20170315121149.0
008 161124s9999 xx 000 0 und d
040 _cIGIS
082 _a808.066
_bSHA
100 _aWasima Shahzad
245 _aSynopsis & Thesis Manual
260 _aIslamabad
_bNUST
_c2002
300 _a57p
942 _cBK
_2ddc